| 000 | 00709nam a2200253Ia 4500 | ||
|---|---|---|---|
| 003 | OSt | ||
| 005 | 20220912150856.0 | ||
| 006 | a|||||r|||| 00| 0 | ||
| 007 | ta | ||
| 008 | 220909b |||||||| |||| 00| 0 eng d | ||
| 024 | _a56634 | ||
| 037 | _cTextual | ||
| 040 |
_aCSL _beng _cCSL |
||
| 041 | _aeng | ||
| 082 | _aI,15, M5 | ||
| 100 | _aPrance Ghillean Tolmie | ||
| 245 | 0 | _aLeaves: The formation,characteristics and uses of hundred of leaves found in all parts of the world | |
| 260 |
_aLondon _bThames and Hudson _c1985 |
||
| 300 |
_axi,244p. _ccm. |
||
| 650 | _a Leaves | ||
| 650 | _aBotany | ||
| 942 |
_hI,15, M5 _cTEXL _2CC |
||
| 999 |
_c56767 _d56767 |
||